Piłka nożna - Liga Mistrzów - finaliści - Statystyki

Ogólne statystyki
  • Ten quiz został rozwiązany 439 razy
  • Średni wynik to 19 z 26
Statystyki odpowiedzi
sezon zwycięzca wynik finalista % Poprawnych
24/25 PSG 5:0 Inter Mediolan
99%
23/24 Real Madryt 2:0 Borussia Dortmund
92%
22/23 Manchester City 1:0 Inter Mediolan
89%
19/20 Bayern Monachium 1:0 PSG
89%
21/22 Real Madryt 1:0 Liverpool FC
88%
20/21 Chelsea FC 1:0 Manchester City
86%
15/16 Real Madryt 1:1 (rz. k. 5:3) Atletico Madryt
85%
17/18 Real Madryt 3:1 Liverpool FC
85%
16/17 Real Madryt 4:1 Juventus Turyn
84%
13/14 Real Madryt 4:1 (dogrywka) Atletico Madryt
83%
18/19 Liverpool FC 2:0 Tottenham
83%
12/13 Bayern Monachium 2:1 Borussia Dortmund
82%
14/15 FC Barcelona 3:1 Juventus Turyn
81%
04/05 Liverpool FC 3:3 (rz. k. 6:5) AC Milan
75%
11/12 Chelsea FC 1:1 (rz. k. 5:4) Bayern Monachium
72%
10/11 FC Barcelona 3:1 Manchester United
67%
08/09 FC Barcelona 2:0 Manchester United
67%
07/08 Manchester United 1:1 (rz. k. 6:5) Chelsea FC
66%
06/07 AC Milan 2:1 Liverpool FC
62%
09/10 Inter Mediolan 2:0 Bayern Monachium
59%
05/06 FC Barcelona 2:1 Arsenal FC
58%
03/04 FC Porto 3:0 AS Monaco
48%
01/02 Real Madryt 2:1 Bayer 04 Leverkusen
48%
02/03 AC Milan 0:0 (rz. k. 3:2) Juventus Turyn
44%
00/01 Bayern Monachium 1:1 (rz. k. 5:4) Valencia CF
36%
99/00 Real Madryt 3:0 Valencia CF
35%
Nie znaleziono quizów pasujących do podanych kryteriów
Rozkład punktacji
Procent ludzi z każdym wynikiem
Percentyl według liczby udzielonych odpowiedzi
Twoja historia wyników
Nie rozwiązałeś tego quizu